LEADER 01276nam--2200373---450- 001 990003611490203316 005 20120117111643.0 010 $a978-88-348-1657-8 035 $a000361149 035 $aUSA01000361149 035 $a(ALEPH)000361149USA01 035 $a000361149 100 $a20120117d2011----km-y0itay50------ba 101 $aita 102 $aIT 105 $a||||||||001yy 200 1 $a<> œgovernance degli enti locali$eprincipi e strumenti$fa cura di Renato Mele ... [et al.] 210 $aTorino$cGiappichelli$d2011 215 $aXVIII, 339 p.$d24 cm 225 2 $aCollana di studi e ricerche aziendali$iDipartimento di studi e ricerche aziendali, Università di Salerno$v54 410 0$12001$aCollana di studi e ricerche aziendali$iDipartimento di studi e ricerche aziendali, Università di Salerno$v, 54 454 1$12001 461 1$1001-------$12001 606 0 $aEnti locali$xGestione$yItalia$2BNCF 676 $a352.32140945 702 1$aMELE,$bRenato 801 0$aIT$bsalbc$gISBD 912 $a990003611490203316 951 $a352.321 GOV 1$b20085 EC.$c352.321 GOV$d00305516 959 $aBK 969 $aECO 979 $aFIORELLA$b90$c20120117$lUSA01$h1114 979 $aFIORELLA$b90$c20120117$lUSA01$h1116 997 $aUNISA LEADER 01568nam0 2200397 i 450 001 VAN0103220 005 20220214024138.30 017 70$2N$a978-3-319-02045-7 100 $a20151028d2014 |0itac50 ba 101 $aeng 102 $aCH 105 $a|||| ||||| 200 1 $aLocally convex spaces$fM. Scott Osborne 210 $aCham$cSpringer$d2014 215 $aVII, 213 p.$cill.$d24 cm 410 1$1001VAN0023579$12001 $aGraduate texts in mathematics$1210 $aNew York [etc.]$cSpringer$v269 500 1$3VAN0240384$aLocally convex spaces$9257832 606 $a46Axx$xTopological linear spaces and related structures [MSC 2020]$3VANC022219$2MF 610 $aDual spaces$9KW:K 610 $aFredholm Theory$9KW:K 610 $aFréchet Spaces$9KW:K 610 $aHahn?Banach Theorem$9KW:K 610 $aLocally convex spaces$9KW:K 610 $aMontel spaces$9KW:K 610 $aTopological groups$9KW:K 620 $aCH$dCham$3VANL001889 700 1$aOsborne$bM. Scott$3VANV042653$062669 712 $aSpringer $3VANV108073$4650 801 $aIT$bSOL$c20240614$gRICA 856 4 $uhttp://dx.doi.org/10.1007/978-3-319-02045-7$zE-book ? Accesso al full-text attraverso riconoscimento IP di Ateneo, proxy e/o Shibboleth 899 $aBIBLIOTECA CENTRO DI SERVIZIO SBA$2VAN15 912 $fN 912 $aVAN0103220 950 $aBIBLIOTECA CENTRO DI SERVIZIO SBA$d15CONS SBA EBOOK 4787 $e15EB 4787 20191107 996 $aLocally convex spaces$9257832 997 $aUNICAMPANIA